00387 2200157 4500001002100000005001500021035002000036245004200056100002100098300002600119260002800145082000800173084001400181020002200195990001200217INLIS00000000000313020251022015139 a0010-10250000341 aLope Were Ar Yu ? /cMercy Sitanggang0 aMercy Sitanggang a204 hlm ;c13 x 19 cm aJakarta :bZettu,c2012 a813 a813 MER l a978-602-18271-1-6 a0755917